Online
Catalog

La prescripción y el artículo 2257 del código civil / (Record no. 32935)

MARC details
000 -CABECERA
campo de control de longitud fija 00597nam a2200157 a 4500
001 - NÚMERO DE CONTROL
campo de control 000033444
005 - FECHA Y HORA DE LA ÚLTIMA TRANSACCIÓN
campo de control 20200930070249.0
008 - DATOS DE LONGITUD FIJA--INFORMACIÓN GENERAL
campo de control de longitud fija 110829s1911 dr 000 0 spa d
040 ## - FUENTE DE LA CATALOGACIÓN
Centro catalogador/agencia de origen DO-SdBNP
Lengua de catalogación spa
Centro/agencia transcriptor BNPHU
082 ## - NÚMERO DE LA CLASIFICACIÓN DECIMAL DEWEY
Número de clasificación xxx
Número de documento/Ítem B363p
100 1# - ENTRADA PRINCIPAL--NOMBRE DE PERSONA
Nombre de persona Bazil, Juan R.
9 (RLIN) 58992
245 13 - MENCIÓN DE TÍTULO
Título La prescripción y el artículo 2257 del código civil /
Mención de responsabilidad, etc. Juan R. Bazil.
260 ## - PUBLICACIÓN, DISTRIBUCIÓN, ETC.
Lugar de publicación, distribución, etc. Santo Domingo :
Nombre del editor, distribuidor, etc. Flor del Ozama,
Fecha de publicación, distribución, etc. 1911.
300 ## - DESCRIPCIÓN FÍSICA
Extensión 37 p. ;
Dimensiones 24 cm.
500 ## - NOTA GENERAL
Nota general Originalmente presentada como tesis para optar por la licenciatura en la facultad de derecho civil del Instituto Profesional de Santo Domingo.
Holdings
Estado de retiro Estado de pérdida Restricciones de uso No para préstamo Código de colección Localización permanente Ubicación/localización actual Ubicación en estantería Fecha de adquisición Número de inventario Total de préstamos Signatura topográfica completa Código de barras Fecha visto por última vez Precio válido a partir de Tipo de ítem Koha Nota pública
      Excluido de préstamo Raros y valiosos Patrimonio Dominicano Patrimonio Dominicano En catalogación 29.08.2011 LF1   xxx B363p 33444-10 25.06.2020 25.06.2020 No se presta Perteneció a la biblioteca personal de Carlos Larrazábal Blanco

Powered by Koha